000 08063nam a2200289 4500
003 NALT
005 20260206100003.0
008 260113b th ||||| |||| 00| 0 tha d
040 _aNALT
086 _aสว 09 7.3 354.75
110 2 _aสำนักงานเลขาธิการวุฒิสภา.
_bสำนักกรรมาธิการ 1
_92441
245 1 0 _aรายงานการพิจารณาศึกษากฎหมายและอำนาจหน้าที่ของหน่วยงานที่เกี่ยวข้องกับกรณีการควบรวมธุรกิจในกิจการโทรคมนาคมในยุคเศรษฐกิจดิจิทัล โดยคณะกรรมาธิการการเทคโนโลยีสารสนเทศ การสื่อสาร และการโทรคมนาคม วุฒิสภา /
_cสำนักกรรมาธิการ 1 สำนักงานเลขาธิการวุฒิสภา.
260 _aกรุงเทพฯ :
_bสำนักกรรมาธิการ 1 สำนักงานเลขาธิการวุฒิสภา,
_cม.ป.ป.
300 _a26 หน้า :
_bภาพประกอบ, แผนภูมิ ;
_c30 ซม.
505 2 _a1. ความเป็นมาและความสำคัญ -- 2. วัตถุประสงค์ -- 3. ขั้นตอนและวิธีการพิจารณาศึกษา -- 4. ข้อเสนอแนะเกี่ยวกับการกำกับดูแลการแข่งขันทางการค้าของ ITU -- 4.1 การพัฒนาในภาพรวมของการกำกับดูแลอุตสาหกรรมโทรคมนาคมในยุคดิจิทัล -- 4.2 การออกแบบบทบาทและโครงสร้างของหน่วยงานกำกับดูแล -- 4.2.1 ยุคที่ 1 ถึง 3 (G1-G3) -- 4.2.2 ยุคที่ 4 (G4) -- 4.2.3 ยุคที่ 5 (G5) -- 4.3 รูปแบบการกำกับดูแลตลาดและการแข่งขันทางการค้าในยุคดิจิทัล -- 4.3.1 รูปแบบในอดีต -- 4.3.2 รูปแบบในปัจจุบัน -- 4.4 รูปแบบการกำกับดูแลการควบรวมกิจการ (Merger and Acquisition) -- 4.4.1 รูปแบบในอดีต -- 4.4.2 รูปแบบในปัจจุบัน -- 5. กรณีศึกษาในต่างประเทศ -- 5.1 การควบรวมระหว่าง ที โมบิล ยูเอส (T-Mobile US) และสปรินท์ คอร์ปอเรชั่น (Sprint) ในประเทศสหรัฐอเมริกา -- 5.1.1 รายละเอียดโดยสังเขป -- 5.1.2 ระยะเวลาและผลการพิจารณา -- 5.1.3 เงื่อนไขของการควบรวมกิจการ -- 5.2 การควบรวมระหว่าง บริษัท ฮัทชิสัน ทรีจี ยูเค อินเวสเมนท์ จำกัด (Hutchison 3G UK Investments Limited) บริษัทเทเลโฟนิคา ยุโรป จำกัด (มหาชน) (Telefonica Europe plc) ในประเทศสหราชอาณาจักร -- 5.2.1 รายละเอียดโดยสังเขป -- 5.2.2 ระยะเวลาและผลการพิจารณา -- 5.2.3 การดำเนินคดีและการพิจารณาของศาล -- 5.3 การควบรวมระหว่าง บริษัท โวดาโฟน อิเดีย จำกัด (Vodafone India Limited) และบริษัท ไอเดีย เซลลูล่า จำกัด (Idea Cellular Limited) ในประเทศอินเดีย -- 5.3.1 รายละเอียดโดยสังเขป -- 5.3.2 ระยะเวลาและผลการพิจารณา -- 5.3.3 เงื่อนไขของการควบรวมกิจการ -- 5.3.4 สภาพหลังการควบรวมกิจการ -- 6. รายละเอียดของการควบรวมกิจการในประเทศไทย -- 6.1 การควบรวมระหว่าง บริษัท ทรู คอร์ปอเรชั่น จำกัด (มหาชน) และบริษัท โทเทิ่ล แอ็คเซ็ส คอมมูนิเคชั่น จำกัด (มหาชน) -- 6.1.1 รายละเอียดโดยสังเขป -- 6.1.2 รูปแบบของการควบรวมกิจการ -- 6.2 การควบรวมระหว่าง บริษัท แอดวานซ์ ไวร์เลส เน็ทเวอร์ค จำกัด และ บริษัท ทริปเปิลที บรอดแบนด์ จำกัด (มหาชน) -- 6.2.1 รายละเอียดโดยสังเขป -- 6.2.2 รูปแบบของการควบรวมกิจการ -- 6.3 ข้อมูลและความคิดเห็นจากหน่วยงานกำกับดูแลที่เกี่ยวข้อง -- 6.3.1 สำนักงานคณะกรรมการกิจการกระจายเสียง กิจการโทรทัศน์ และกิจการโทรคมนาคมแห่งชาติ (สำนักงาน กสทช.) -- 6.3.2 สำนักงานคณะกรรมการการแข่งขันทางการค้า (สำนักงาน กขค.) -- 7. ข้อสังเกตและข้อเสนอแนะของคณะอนุกรรมาธิการ -- 7.1 กรอบแนวคิดในการจัดทำข้อสังเกตและข้อเสนอแนะ -- 7.1.1 ประเด็นที่นำมาพิจารณา -- 7.1.2 ประเด็นที่ไม่นำมาพิจารณา -- 7.2 ข้อสังเกตและเสนอแนะของคณะอนุกรรมาธิการต่อการควบรวมกิจการทั้ง 2 กรณี -- 7.3 ข้อสังเกตและข้อเสนอแนะต่อการกฎหมายด้านการกำกับดูแลการแข่งขันทางการค้าในไทย.
610 2 4 _aคณะกรรมาธิการการเทคโนโลยีสารสนเทศ การสื่อสาร และการโทรคมนาคม วุฒิสภา
_xรายงาน
_949023
650 4 _aนโยบายโทรคมนาคม
_940229
650 4 _aโทรคมนาคม
_xการรวมกิจการ
_967368
710 2 _aคณะกรรมาธิการการเทคโนโลยีสารสนเทศ การสื่อสาร และการโทรคมนาคม วุฒิสภา.
_946331
850 _aNALT
856 4 0 _uhttps://prt.parliament.go.th/items/f6b7980c-c351-444b-9bc4-0e341761029a
942 _cPAR
_2local
996 _anapasorn.k
_bLIBSTF
_c2026-01-13
996 _ajamriang.p
_bCATSTF
_c2026-02-06
999 _c107659
_d107659
998 _j1020
_k นางจำเรียง ระวังสำโรง